Регионална библиотека "Любен Каравелов" - Русе

My First Question and Answer Book (Запис номер 517786)

MARC детайли
000 -Лидер
Лидер 01380nam a2200337 a 4500
003 - Код на организацията, давaща контролен номер
Код на организацията, даваща контролен номер BLK
005 - Дата и час на последна редакция
Дата и час на последна редакция 20250604135146.0
007 - Фиксирано поле за физическо описани
Физическо описание ta
008 - Елементи от данни с фиксирана дължина
Елементи с фиксирана дължина 221104b bu |||||r|||| 00| | bu d
020 ## - Международен стандартен номер на книга ISBN
ISBN 9781782093305
040 ## - Източник на каталожния запис
Код на библиотеката BLK
041 ## - Код за език
Език Английски
Език за КДБФ Английски
080 ## - УДК
9 (RLIN) 235679
УДК текст Общи енциклопедии. Енциклопедични речници. Научни справочници. Отраслови енциклопедии и справочници се класират в съответните отдели с определител за форма
УДК код 030
УДК – код + определител 030
080 ## - УДК
9 (RLIN) 235010
УДК текст Наука. Наукознание. Организация на умствения труд
УДК код 001
УДК – код + определител 001
084 ## - Класификационен индекс по друга класификация
Авторски знак My - M 99
245 ## - Сведения за заглавието
Заглавие My First Question and Answer Book
260 ## - Област на издателските данни
9 (RLIN) 488474
Място на издаване Thaxted
Име на издателя Miles Kelly
Година на издаване 2007
Печатница China
300 ## - Физическа характеристика
Брой страници 512 с.
Илюстрации с цв. ил.
Размер 23 см
380 ## - Жанр
Жанр Детска отраслова лит.
650 #7 - Допълнително описание по предмет – тема
9 (RLIN) 156634
Предметна рубрика Изобретения
650 #0 - Допълнително описание по предмет – тема
9 (RLIN) 243025
Предметна рубрика Детска и юношеска литература
653 ## - Ключова дума – ненормативна
9 (RLIN) 191821
Ключови думи наука
653 ## - Ключова дума – ненормативна
9 (RLIN) 191836
Ключови думи научни открития
653 ## - Ключова дума – ненормативна
9 (RLIN) 189249
Ключови думи Космос
653 ## - Ключова дума – ненормативна
9 (RLIN) 186633
Ключови думи животни
653 ## - Ключова дума – ненормативна
9 (RLIN) 186978
Ключови думи Земя
852 ## - Местоположение
Отдел Детски отдел
Систематично-азбучна сигнатура 03/M 99
856 ## - Електронен адрес и достъп
Инструкция (цена за достъп) 0.00
Права за достъп disable
942 ## - АРТИКУЛИ
Вид на библиотечния документ Книги
Скрит в OPAC Не
Koha issues (borrowed), all copies 2
944 ## - СЪЗДАВАНЕ И РЕДАКЦИЯ на ЗАПИСА
Създаване/Редакция
Дата на регистрацията/редакция Моника Янева
Служител, извършил регистрацията/редакцията 30551
Номер на служител Бояна Костадинова
999 ## - СИСТЕМНИ КОНТРОЛНИ НОМЕРА
Koha biblionumber 517786
Koha biblioitemnumber 517786
Наличности
Код за отписване Код за изгубен артикул Източник на класификационната схема Код за повреда Код за отдаване Артикулен № Име на библиотеката - собственик Име на библиотеката, в която се намира в момента Статус (Текущо местоположение) Дата на вписване в системата Местоположение - отдел Цена в лева Инвентарен номер Систематично азбучна сигнатура Баркод Цена в евро Служебен тип на артикула
  Не е изгубен Universal Decimal Classification Не е повреден заемане за дома 950177 Регионална библиотека "Любен Каравелов" Русе Регионална библиотека "Любен Каравелов" Русе Детски отдел 2024-09-30 Детски отдел 30.00 120000913531 ДН 03/M 99 120000913531 15.34 Книги
Vip Innovations Ltd, Rousse, Bulgaria 2025